| 000 | 01755nam0a2200349 4500 | ||
|---|---|---|---|
| 001 | RU\NLR\bibl\888068 | ||
| 005 | 20250614171340.0 | ||
| 010 |
_a5-94075-116-4 _bв обл. _9500 |
||
| 021 |
_aRU _b2005-60016 _92944 |
||
| 035 | _a(nilc)RSL-KNO-002710525 | ||
| 035 | _a(NLR Aleph) 000876594 | ||
| 090 |
_a1632645 _c1632645 |
||
| 100 | _a20050916d2005 |||y0rusy50 ca | ||
| 101 | 0 | _arus | |
| 102 | _aRU | ||
| 105 | _aa ||||||||| | ||
| 106 | _ar | ||
| 200 | 1 |
_aДидактические игры на уроках истории _eметод. пособие для учителя истории _fТ. В. Малышева |
|
| 210 |
_aЕкатеринбург _cИзд. Возякова _d2005 _gТип. Печатный дом Иванъ |
||
| 215 |
_a116 с. _cил., табл. _d20 |
||
| 606 | 1 |
_aИстория _xПреподавание _xИгровые методы _92088270 _3RU\NLR\auth\661264206 |
|
| 610 | 0 | _aКультура. Наука. Просвещение -- Народное образование. Педагогические науки -- Общеобразовательная школа. Школьная педагогика -- Российская Федерация -- Методика преподавания отдельных учебных предметов -- История -- Дидактика -- Методы обучения | |
| 610 | 0 | _aдидактические игры | |
| 686 |
_aЧ426.31,6(2)-25,0 _2rubbk |
||
| 686 | _aЧ426.31-25 | ||
| 700 | 1 |
_aМалышева _bТ. В. _gТатьяна Владимировна _4070 |
|
| 801 | 0 |
_aRU _bRuMoRKP _c20050916 _grcr |
|
| 801 | 1 |
_aRU _bRuMoRGB _c20050916 |
|
| 801 | 2 |
_aRU _bNLR _c20051214 _grcr |
|
| 942 | _cBOOK | ||
| 980 | _aNB | ||